Dollars and Pence Quiz Stats

 Plays Quiz not verified by Sporcle

Score 0/37 Timer 06:00
0 Plays Today
Country % Correct
Canada
96.3%
New Zealand
96.3%
USA
96.3%
Australia
92.6%
United Kingdom
92.6%
Egypt
85.2%
Bahamas
74.1%
Fiji
74.1%
Micronesia
70.4%
Trinidad and Tobago
70.4%
Tuvalu
70.4%
Antigua and Barbuda
66.7%
Barbados
66.7%
Marshall Islands
66.7%
Nauru
66.7%
St Kitts And Nevis
66.7%
Solomon Islands
66.7%
Ecuador
63%
Jamaica
63%
Country % Correct
St Vincent and the Grenadines
63%
Syria
63%
Zimbabwe
63%
Belize
59.3%
Kiribati
59.3%
Lebanon
59.3%
St Lucia
59.3%
Dominica
55.6%
Guyana
55.6%
Singapore
55.6%
Palau
51.9%
Grenada
48.1%
Liberia
48.1%
Namibia
48.1%
Brunei
44.4%
Taiwan
40.7%
Cyprus
37%
East Timor
33.3%

You're not logged in!

Compare scores with friends on all Sporcle quizzes.
OR
Log In

Show Comments

Extras

Top Quizzes Today


Score Distribution

Your Account Isn't Verified!

In order to create a playlist on Sporcle, you need to verify the email address you used during registration. Go to your Sporcle Settings to finish the process.

Report this User

Report this user for behavior that violates our Community Guidelines.

Details: